| 000 | 01449cam a2200325 a 4500 | ||
|---|---|---|---|
| 001 | 1390020 | ||
| 003 | NUST - PNEC | ||
| 005 | 20170116181118.0 | ||
| 008 | 830114s1982 paua b 101 0 eng | ||
| 010 | _a 82060584 | ||
| 020 | _a0895203952 | ||
| 040 |
_aDLC _cLIBRARY _dDLC |
||
| 050 | 0 | 0 |
_aTS370 _b.A36 1982 |
| 082 | 0 | 0 |
_a673.7322 HAS _219 |
| 245 | 0 | 0 |
_aAdvanced processing methods for titanium : _bcasting, forming, machining, welding : proceedings of a symposium / _csponsored by the Titanium and Physical Metallurgy Committees of the Metallurgical Society of AIME held at the TMS Fall Meeting, Louisville, Kentucky, October 13-15, 1981 ; edited by Dennis F. Hasson, and C.H. Hamilton. |
| 260 |
_aWarrendale, Pa. : _bMetallurgical Society of AIME, _cc1982. |
||
| 300 |
_aviii, 315 p. : _bill. ; _c24 cm. |
||
| 490 | 1 | _aConference proceedings / the Metallurgical Society of AIME | |
| 504 | _aIncludes bibliographical references and indexes. | ||
| 650 | 0 |
_aTitanium _xCongresses. |
|
| 650 | 0 |
_aMetal-work _xCongresses. |
|
| 700 | 1 | _aHasson, Dennis F. | |
| 700 | 1 |
_aHamilton, C. H. _q(C. Howard) |
|
| 710 | 2 |
_aMetallurgical Society of AIME. _bTitanium Committee. |
|
| 710 | 2 |
_aMetallurgical Society of AIME. _bPhysical Metallurgy Committee. |
|
| 710 | 2 | _aMetallurgical Society of AIME. | |
| 830 | 0 | _aConference proceedings (Metallurgical Society of AIME) | |
| 906 |
_a7 _bcbc _corignew _d2 _eopcn _f19 _gy-gencatlg |
||
| 942 |
_2ddc _cBK |
||
| 999 |
_c69419 _d69419 |
||